History Quiz

Random History or Nation Quiz

Monarchs Quiz Stats

 Plays Quiz not verified by Sporcle

Also try: Gracious in Defeat
Challenge
Share
Tweet
Embed
Score 0/55 Timer 10:00
0 Plays Today
% Correct
Henry
96.4%
Charles
95.9%
Charles
94.6%
Elizabeth
93.5%
William
91.9%
George
89.8%
Edward
89%
John
88.2%
Philip
86%
Mary
84.9%
James
84%
Richard
83.7%
Victoria
78.7%
Louis
76.5%
Ferdinand
76.2%
Francis
75.9%
Henry
75.4%
Charles
73.4%
Anne
73.1%
Stephen
71.4%
Henry
69.7%
Ferdinand
69.7%
Charles
69.2%
Louis
69.1%
John
68.1%
Louis
65.1%
Otto
61.4%
Joseph
59.4%
% Correct
Philip
56.5%
Carloman
51.6%
Francis
49.2%
Lothair
48.8%
Napoleon
46.8%
Hugh Capet
46.5%
Alfonso
46.5%
Rudolph
44.9%
Rudolph
44.4%
Frederick
41.5%
Isabella
39.3%
Robert
38.1%
Juan Carlos
36.3%
Louis-Philippe
35.9%
Lothair
33.7%
Amadeo
33.2%
Sigismund
32.1%
Leopold
32%
Joseph
30.7%
Maximilian
29.2%
Odo
29.1%
Arnulph
27.7%
Conrad
25.9%
Matthias
25.7%
Berengar
25.1%
Guy
18.6%
Lambert
16.9%

You're not logged in!

Compare scores with friends on all Sporcle quizzes.
OR
Log In

You Might Also Like...

Show Comments

Extras

Top Quizzes Today


Score Distribution

Your Account Isn't Verified!

In order to create a playlist on Sporcle, you need to verify the email address you used during registration. Go to your Sporcle Settings to finish the process.

Report this User

Report this user for behavior that violates our Community Guidelines.

Details: